Don Bluth Movies - Statistics

General Stats
  • This quiz has been taken 31 times
  • The average score is 7 of 28
Answer Stats
Hint Answer % Correct
1982 The Secret of NIMH
81%
1986 An American Tail
78%
1989 All Dogs Go to Heaven
74%
1988 The Land Before Time
70%
1994 Thumbelina
52%
1991 Rock-A-Doodle
48%
1994 A Troll in Central Park
41%
1959 Sleeping Beauty
33%
1995 The Pebble and the Penguin
33%
2000 Titan A.E.
33%
1973 Robin Hood
26%
1981 The Fox and the Hound
26%
1963 The Sword in the Stone
26%
1977 The Rescuers
22%
1977 The Many Adventures of Winnie the Pooh
15%
1996 All Dogs Go to Heaven 2
11%
1999 Bartok the Magnificent
11%
2022 Dragon's Lair
11%
1977 Pete's Dragon
11%
1986 The Great Mouse Detective
11%
1980 Xanadu
7%
1972 Journey Back to Oz
4%
1998 An All Dogs Christmas Carol
0%
1997 Anastatia
0%
1969 Archie and His New Pals
0%
1992 Cool World
0%
1975 Escape to Witch Mountain
0%
2011 Hugo
0%
No matching quizzes found
Score Distribution
Percent of People with Each Score
Percentile by Number Answered
Your Score History
You have not taken this quiz